000 00318nam a2200133Ia 4500
008 150301s2015 xx 000 0 und d
082 _a403
_bO14O
100 _aOXFORD
245 _aOXFORD HINDI ENGLISH DICTIONARY
260 _bOXPORD UNIVERSITY PRESS
300 _a1082
650 _aPHARMACEUTICS
942 _2ddc
_cBK
999 _c7333
_d7333